Nơi ánh đèn rực rỡ

Сохранить в:
Библиографические подробности
Главный автор: Thanh Sam Lạc Thác
Формат:
Язык:Undetermined
Опубликовано: Thành phố Hồ Chí Minh Tổng hợp Thành phố Hồ Chí Minh 2012
Предметы:
Метки: Добавить метку
Нет меток, Требуется 1-ая метка записи!
Thư viện lưu trữ: Trung tâm Học liệu Trường Đại học Cần Thơ
LEADER 00699nam a2200205Ia 4500
001 CTU_210673
008 210402s9999 xx 000 0 und d
020 |c 90000 
082 |a 895.136 
082 |b Th107 
100 |a Thanh Sam Lạc Thác 
245 0 |a Nơi ánh đèn rực rỡ 
245 0 |c Thanh Sam Lạc Thác ; Đặng Thu Lan (dịch) 
260 |a Thành phố Hồ Chí Minh 
260 |b Tổng hợp Thành phố Hồ Chí Minh 
260 |c 2012 
650 |a Chinese fiction,Tiểu thuyết Trung Quốc 
650 |y 21st century,Thế kỷ 21 
904 |i Võ Tấn Anh,Hải 
980 |a Trung tâm Học liệu Trường Đại học Cần Thơ